000 01321cam a2200421Ia 4500
999 _c127
_d127
001 50188686
003 OCoLC
005 20190726141720.0
008 020717t20022001nyu 000 1 eng d
010 _a 00060824
020 _a0553381512
_q(pbk.)
020 _a9780553381511
_q(pbk.)
035 _a(OCoLC)50188686
_z(OCoLC)50211963
040 _aBRL
_beng
_cBRL
_dOCLCQ
_dAKD
043 _an-us-wa
049 _aNYPP
082 0 0 _aFIC KIN
_221
091 _aFIC
100 1 _aKing, Laurie R.
_eauthor
245 1 0 _aFolly /
_cLaurie R. King.
250 _aBantam trade pbk. ed.
260 _aNew York :
_bBantam Books,
_c2002, ℗♭2001.
300 _axviii, 400 pages ;
_c24 cm.
336 _atext
_btxt
_2rdacontent.
337 _aunmediated
_bn
_2rdamedia.
338 _avolume
_bnc
_2rdacarrier.
520 0 _aA chilling tale of a woman who begins an ambitious and desperate undertaking which may transform her life ... or end it.
651 0 _aSan Juan County (Wash.)
_vFiction.
651 7 _aWashington (State)
_zSan Juan County.
_2fast
_0(OCoLC)fst01235048.
655 7 _aFiction.
_2fast
_0(OCoLC)fst01423787.
655 7 _aDetective and mystery fiction.
_2lcgft.
901 _aMARS
901 _arn
_bCATBL
908 4 _aPS3561.I4813
942 _2ddc
_cFIC
945 _a.b211369603
946 _am